| 000 | 00858nam a2200277Ia 4500 | ||
|---|---|---|---|
| 001 | Z_715 | ||
| 003 | CHAP | ||
| 008 | 220113s1991 xx 000 0 und d | ||
| 010 | _a163808 | ||
| 040 | _cCHAP | ||
| 090 | _aTesis S 675 | ||
| 100 |
_aSalas Barrientos, José _9101291 |
||
| 245 |
_aEfecto de la adición de probióticos en la productividad y sanidad del conejo de engorda / _cpor José Salas Barrientos |
||
| 260 |
_aChapingo, Méx. : _bEl autor, _c1991 |
||
| 300 | _a38 h. | ||
| 502 | _aTesis (Ing. Agr. Esp. en Zootecnia) -- UACH. Departamento de Zootecnia | ||
| 650 |
_aConejos _xAlimentación _926353 |
||
| 650 |
_aConejos _xEngorda _926363 |
||
| 650 |
_aConejos _xReproducción I. t: Probióticos en la productividad _9137862 |
||
| 901 | _aTESIS S 675 | ||
| 902 | _aM | ||
| 910 | _a1991 | ||
| 942 | _c2 | ||
| 942 | _c2 | ||
| 999 |
_c163808 _d163808 |
||